<?xml version="1.0" encoding="UTF-8"?>
<record
    xmlns:xsi="http://www.w3.org/2001/XMLSchema-instance"
    xsi:schemaLocation="http://www.loc.gov/MARC21/slim http://www.loc.gov/standards/marcxml/schema/MARC21slim.xsd"
    xmlns="http://www.loc.gov/MARC21/slim">

  <leader>01230nam a2200265 a 4500</leader>
  <controlfield tag="001">74061</controlfield>
  <controlfield tag="003">BD-RjUL</controlfield>
  <controlfield tag="005">20211209082503.0</controlfield>
  <controlfield tag="008">180208s2014    bg a|||| i||| 001 0 ben d</controlfield>
  <datafield tag="020" ind1=" " ind2=" ">
    <subfield code="a">9840753312</subfield>
    <subfield code="c">Tk. 80.00</subfield>
  </datafield>
  <datafield tag="035" ind1=" " ind2=" ">
    <subfield code="a">(BD-RjUL)74279</subfield>
  </datafield>
  <datafield tag="040" ind1=" " ind2=" ">
    <subfield code="a">BD-RjUL</subfield>
    <subfield code="b">eng</subfield>
    <subfield code="c">BD-RjUL</subfield>
  </datafield>
  <datafield tag="041" ind1=" " ind2=" ">
    <subfield code="a">ben</subfield>
  </datafield>
  <datafield tag="082" ind1=" " ind2=" ">
    <subfield code="2">23</subfield>
    <subfield code="a">306.095492</subfield>
    <subfield code="b">JOY 2014</subfield>
  </datafield>
  <datafield tag="245" ind1=" " ind2=" ">
    <subfield code="a">&#x99C;&#x9AF;&#x9BC;&#x9AA;&#x9C1;&#x9B0; &#x9B9;&#x9BE;&#x99F; /</subfield>
    <subfield code="c">&#x9B8;&#x9AE;&#x9CD;&#x9AA;&#x9BE;&#x9A6;&#x995; ; &#x9B6;&#x9BE;&#x9AE;&#x9B8;&#x9C1;&#x99C;&#x9CD;&#x99C;&#x9BE;&#x9AE;&#x9BE;&#x9A8; &#x996;&#x9BE;&#x9A8; , &#x9AE;&#x9CB;. &#x986;&#x9B2;&#x9A4;&#x9BE;&#x9AC; &#x9B9;&#x9CB;&#x9B8;&#x9C7;&#x9A8; , &#x986;&#x9AE;&#x9BF;&#x9A8;&#x9C1;&#x9B0; &#x9B0;&#x9B9;&#x9AE;&#x9BE;&#x9A8; &#x9B8;&#x9C1;&#x9B2;&#x9A4;&#x9BE;&#x9A8;</subfield>
  </datafield>
  <datafield tag="260" ind1=" " ind2=" ">
    <subfield code="a">&#x9A2;&#x9BE;&#x995;&#x9BE; :</subfield>
    <subfield code="b">&#x9AC;&#x9BE;&#x982;&#x9B2;&#x9BE; &#x98F;&#x995;&#x9A1;&#x9C7;&#x9AE;&#x9C0; ,</subfield>
    <subfield code="c">&#x9E8;&#x9E6;&#x9E7;&#x9EA;</subfield>
  </datafield>
  <datafield tag="300" ind1=" " ind2=" ">
    <subfield code="a">&#x9E7;&#x9EE; , &#x9E9;&#x9EC;&#x9E6; &#x9AA;&#x9C3;. :</subfield>
    <subfield code="b">&#x99B;&#x9AC;&#x9BF; ;</subfield>
    <subfield code="c">&#x9E8;&#x9E8; &#x9B8;&#x9C7;&#x9AE;&#x9BF;.</subfield>
  </datafield>
  <datafield tag="490" ind1=" " ind2=" ">
    <subfield code="a">&#x9AC;&#x9BE;&#x982;&#x9B2;&#x9BE;&#x9A6;&#x9C7;&#x9B6;&#x9C7;&#x9B0; &#x9B2;&#x9CB;&#x995;&#x99C; &#x9B8;&#x982;&#x9B8;&#x9CD;&#x995;&#x9C3;&#x9A4;&#x9BF; &#x997;&#x9CD;&#x9B0;&#x9A8;&#x9CD;&#x9A5;&#x9AE;&#x9BE;&#x9B2;&#x9BE;</subfield>
  </datafield>
  <datafield tag="500" ind1=" " ind2=" ">
    <subfield code="a">&#x987;&#x9A8;&#x9A1;&#x9C7;&#x995;&#x9CD;&#x9B8; &#x9B8;&#x9AE;&#x9CD;&#x9AC;&#x9CD;&#x9B2;&#x9BF;&#x9A4;</subfield>
  </datafield>
  <datafield tag="651" ind1=" " ind2=" ">
    <subfield code="a">&#x99C;&#x9AF;&#x9BC; &#x9AA;&#x9C1;&#x9B0; &#x9B9;&#x9BE;&#x99F; (&#x9AC;&#x9BE;&#x982;&#x9B2;&#x9BE;&#x9A6;&#x9C7;&#x9B6;)</subfield>
    <subfield code="v">&#x9B2;&#x9CB;&#x995;&#x99C; &#x9B8;&#x982;&#x9B8;&#x9CD;&#x995;&#x9C3;&#x9A4;&#x9BF;</subfield>
    <subfield code="9">220101</subfield>
  </datafield>
  <datafield tag="651" ind1=" " ind2=" ">
    <subfield code="a">Joypurhat (Bangladesh)</subfield>
    <subfield code="v"> Social life and customs  </subfield>
    <subfield code="9">220102</subfield>
  </datafield>
  <datafield tag="651" ind1=" " ind2=" ">
    <subfield code="v">Folklore</subfield>
    <subfield code="y">Joypurhat</subfield>
    <subfield code="9">220103</subfield>
  </datafield>
  <datafield tag="700" ind1=" " ind2=" ">
    <subfield code="a">&#x9B9;&#x9CB;&#x9B8;&#x9C7;&#x9A8;, &#x9AE;&#x9CB;. &#x986;&#x9B2;&#x9A4;&#x9BE;&#x9AB;</subfield>
    <subfield code="9">220104</subfield>
  </datafield>
  <datafield tag="942" ind1=" " ind2=" ">
    <subfield code="2">ddc</subfield>
    <subfield code="c">BK</subfield>
  </datafield>
  <datafield tag="999" ind1=" " ind2=" ">
    <subfield code="c">74061</subfield>
    <subfield code="d">74061</subfield>
  </datafield>
  <datafield tag="952" ind1=" " ind2=" ">
    <subfield code="0">0</subfield>
    <subfield code="1">0</subfield>
    <subfield code="2">ddc</subfield>
    <subfield code="4">0</subfield>
    <subfield code="7">1</subfield>
    <subfield code="8">NFIC</subfield>
    <subfield code="a">RUCL</subfield>
    <subfield code="b">RUCL</subfield>
    <subfield code="c">Reading</subfield>
    <subfield code="d">2017-10-04</subfield>
    <subfield code="e">Author</subfield>
    <subfield code="g">280.00</subfield>
    <subfield code="l">0</subfield>
    <subfield code="o">B 306.095492 JOY</subfield>
    <subfield code="r">2018-02-08 00:00:00</subfield>
    <subfield code="t">C-1</subfield>
    <subfield code="w">2018-02-08</subfield>
    <subfield code="y">BK</subfield>
  </datafield>
  <datafield tag="952" ind1=" " ind2=" ">
    <subfield code="0">0</subfield>
    <subfield code="1">0</subfield>
    <subfield code="2">ddc</subfield>
    <subfield code="4">0</subfield>
    <subfield code="7">0</subfield>
    <subfield code="a">RUCL</subfield>
    <subfield code="b">RUCL</subfield>
    <subfield code="d">2018-02-08</subfield>
    <subfield code="l">0</subfield>
    <subfield code="o">306.095492 JOY 2014</subfield>
    <subfield code="r">2018-02-08 00:00:00</subfield>
    <subfield code="w">2018-02-08</subfield>
    <subfield code="y">BK</subfield>
  </datafield>
</record>
